It looks like you're offline.
Open Library logo
additional options menu

MARC Record from Library of Congress

Record ID marc_loc_updates/v38.i27.records.utf8:1493296:543
Source Library of Congress
Download Link /show-records/marc_loc_updates/v38.i27.records.utf8:1493296:543?format=raw

LEADER: 00543cam a2200193 i 4500
001 77021127
003 DLC
005 20100702084656.0
008 770929r1977 nyu 000 1 eng
010 $a 77021127
020 $a0807608815 :$c$7.95
040 $aDLC$cDLC$dDLC
050 00 $aPZ4.B162$bIn 1977$aPR6052.A3195
082 00 $a823/.9/14
100 1 $aBainbridge, Beryl,$d1934-2010.
245 10 $aInjury time :$ba novel /$cby Beryl Bainbridge.
250 $a1st American ed.
260 $aNew York :$bG. Braziller,$c1977.
300 $a203 p. ;$c22 cm.